000 00552cam a22002171 4500
001 sa 67001872
003 DLC
005 20260227112326.0
008 890614s1963 ii c 000 0 beno
010 _asa 67001872
035 _a(OCoLC)19869895
040 _aDLC
_cWaU
_dDLC
042 _apremarc
050 0 0 _aBL1270.V5
_bG32
100 1 _aGanguly, Mano Mohan.
245 0 0 _aBibekānanda : jībana o jijñāsā.
260 _c[1963]
300 _a111 p.
_bport.
_c19 cm.
500 _aIn Bengali.
600 0 0 _aVivekananda,
_cSwami,
_d1863-1902.
999 _c72894
_d72894